00510nam a22001692 4500001001100000005001700011008004100028020001300069040001500082100003400097245005300131250001300184260003000197300001600227600004300243650005400286000000958620151217155840.0081111s xx 000 0 eng d cDonation aKABUcKABU1 aFurneaux, Rupert.@000006589114aThe Murder of Lord Erroll /cby Rupert Furneaux. a1st ed. aLondon :bStevens,c1961. aix, 180 p.10aErroll, Josslyn Hay, Earl.@0000161298 0aMurderxCase studieszKenyazNairobi.@0000161299